Four Sufi Classics (Record no. 9866)

MARC details
000 -LEADER
fixed length control field 00679nam a2200253 a 4500
020 ## - INTERNATIONAL STANDARD BOOK NUMBER
ISBN
082 00 - DEWEY DECIMAL CLASSIFICATION NUMBER
Classification number 297.4
Author Cutter OCT
100 ## - MAIN ENTRY--AUTHOR NAME
Author name Octagon Press,
245 ## - TITLE STATEMENT
Title Four Sufi Classics
Sub title Salman and Absal the Niche for Lights-The Way of the Seeker-Abode of Spring
260 ## - PUBLICATION, DISTRIBUTION, ETC. (IMPRINT)
Place of publication London
Name of publisher Octagon Press
Year of publication 1980
300 ## - PHYSICAL DESCRIPTION
Number of Pages 222p
500 ## - GENERAL NOTE
General note includes index and biblioraphy
505 2# - FORMATTED CONTENTS NOTE
Formatted contents note Index
650 ## - SUBJECT ADDED ENTRY--TOPICAL TERM
Topical Term Sufism
650 ## - SUBJECT ADDED ENTRY--TOPICAL TERM
Topical Term Salman and Absal By Jami, Abdur Rah
942 ## - ADDED ENTRY ELEMENTS (KOHA)
Koha item type Books
700 1# -
-- Octagon Press,
Holdings
Collection code Home library Current library Date acquired Cost, normal purchase price Full call number Accession Number Koha item type
  Henry Martyn Institute Library Henry Martyn Institute Library 09/27/2007 100.00 297.4 OCT 017022 Books
                   Copyright © 2026 | Henry Martyn Institute | Hyderabad | TS-500052 | INDIA | Implemented by hmi.edu.in
Hit-Count:

Powered by Koha